00453 a2200157 45000010006000000050017000060080041000230030015000640400040000790800017001192450021001362640080001573000026002371000017002637000015002803027020260407155614.0260407a1956 arg spa dAR-UNSa-BCEJYS aAR-UNSa-BCEJYSbspacAR-UNSa-BCEJYS a512xAlgebra10aAlgebra Superior 1aMéxico :bUnión Tipográfica Editorial Hispano-Americana (UTEHA)c1956 axxiii, 696 p.c19 cm.1 aKnight, S.R.1 aHall, H.S.